000 00576nam a22002297a 4500
003 UA-OsUOA
001 98281
007 ta
008 20130411b un ||||| |||| 00| 0 ukr d
100 _aРебров И.
090 _a821.161.1
_bР31
942 _cBK
040 _aUA-OsUOA
_brus
_cUA-OsUOA
_dUA-OsUOA
245 _aХищники
_bроман
300 _a382 с.
955 _a3
041 _arus
080 _a821.161.1
260 _aВолгоград
_c1963
650 7 _a82 Література. Літературознавство
_2UDC
999 _c384776
_d384776